Syntax : (Record no. 10895)
[ view plain ]
| 000 -LEADER | |
|---|---|
| fixed length control field | 00855nam a22002532 4500 |
| 001 - CONTROL NUMBER | |
| control field | 0000006329 |
| 005 - DATE AND TIME OF LATEST TRANSACTION | |
| control field | 20151217154359.0 |
| 008 - FIXED-LENGTH DATA ELEMENTS--GENERAL INFORMATION | |
| fixed length control field | 071018s xx 000 0 eng d |
| 020 ## - INTERNATIONAL STANDARD BOOK NUMBER | |
| International Standard Book Number | 1405133845 : |
| Terms of availability | KES 3569 |
| 040 ## - CATALOGING SOURCE | |
| Original cataloging agency | KABU |
| Transcribing agency | KABU |
| 100 1# - MAIN ENTRY--PERSONAL NAME | |
| Personal name | Carnie, Andrew. |
| -- | 0000157774 |
| 245 10 - TITLE STATEMENT | |
| Title | Syntax : |
| Remainder of title | a generative introduction / |
| Statement of responsibility, etc. | Andrew Carnie. |
| 250 ## - EDITION STATEMENT | |
| Edition statement | 2nd ed. |
| 260 ## - PUBLICATION, DISTRIBUTION, ETC. (IMPRINT) | |
| Place of publication, distribution, etc. | Oxford : |
| Name of publisher, distributor, etc. | Blackwell, |
| Date of publication, distribution, etc. | 2007. |
| 300 ## - PHYSICAL DESCRIPTION | |
| Extent | xviii, 489 p. |
| 650 #0 - SUBJECT ADDED ENTRY--TOPICAL TERM | |
| Topical term or geographic name as entry element | Grammar, Comparative and general |
| General subdivision | Syntax. |
| -- | 0000151999 |
| 650 #0 - SUBJECT ADDED ENTRY--TOPICAL TERM | |
| Topical term or geographic name as entry element | Generative grammar. |
| -- | 0000157775 |
| 852 1# - LOCATION | |
| -- | p4316 KES |
| 852 1# - LOCATION | |
| -- | p4316 KES |
| 908 ## - PUT COMMAND PARAMETER (RLIN) | |
| Put command parameter | 071018 |
| 950 ## - LOCAL HOLDINGS (RLIN) | |
| -- | 1 |
| Withdrawn status | Lost status | Source of classification or shelving scheme | Not for loan | Home library | Current library | Date acquired | Total Checkouts | Full call number | Barcode | Date last seen | Date last checked out | Price effective from | Koha item type | Damaged status | Cost, normal purchase price |
|---|---|---|---|---|---|---|---|---|---|---|---|---|---|---|---|
| Library of Congress Classification | Kabarak, Main Campus | Kabarak, Main Campus | 17/12/2015 | 2 | P295 .C37 2007 c. 3 | 22411 | 13/04/2016 | 11/03/2016 | 17/12/2015 | General Collection | |||||
| Library of Congress Classification | Kabarak, Main Campus | Kabarak, Main Campus | 17/12/2015 | 5 | P295 .C37 2007 c. 2 | 003220 | 31/07/2023 | 17/07/2023 | 17/12/2015 | General Collection | |||||
| Library of Congress Classification | Kabarak, Main Campus | Kabarak, Main Campus | 17/12/2015 | 4 | P295 .C37 2007 c. 4 | 22412 | 20/07/2017 | 06/07/2017 | 17/12/2015 | General Collection | |||||
| Library of Congress Classification | Kabarak, Main Campus | Kabarak, Main Campus | 17/12/2015 | 7 | P295 .C37 2007 c. 1 | 010731 | 04/02/2021 | 02/02/2021 | 17/12/2015 | General Collection | |||||
| Lost | Library of Congress Classification | Kabarak, Main Campus | Kabarak, Main Campus | 17/07/2018 | 1 | P295 .C37 2007 c.5 | 025707 | 27/10/2018 | 27/10/2018 | 17/07/2018 | General Collection | 4750.00 | |||
| Library of Congress Classification | Kabarak, Main Campus | Kabarak, Main Campus | 17/07/2018 | 1 | P295 .C37 2007 c.6 | 025708 | 20/11/2018 | 09/11/2018 | 17/07/2018 | General Collection | 4750.00 | ||||
| Library of Congress Classification | Kabarak, Main Campus | Kabarak, Main Campus | 17/07/2018 | P295 .C37 2007 c.7 | 025709 | 17/07/2018 | 17/07/2018 | General Collection | 4750.00 |